Pacifist's progress /

Gardado en:
Detalles Bibliográficos
Autor Principal: Johnpoll, Bernard K.
Formato: Libro
Idioma:English
Publicado: Chicago : Quadrangle Books, 1970.
Subjects:
LEADER 00848nam a2200229 i 4500
001 c000245343
003 CARM
005 00000000000000.0
008 840311s1970 ilu 0 eng d
019 1 |a 49694  |z 10219999  |5 LACONCORD2021 
035 |a (OCoLC)94060  |5 LACONCORD2021 
082 0 4 |a 329.81 
100 1 |a Johnpoll, Bernard K. 
245 1 0 |a Pacifist's progress /  |c Norman Thomas and the decline of American socialism. 
260 |a Chicago :  |b Quadrangle Books,  |c 1970. 
300 |a 336 p. 
600 1 0 |a Thomas, Norman,  |d 1884-1968. 
610 2 0 |a Socialist Party (U.S.) 
650 0 |a Socialism  |z United States. 
852 8 |b CARM  |h A2:AO33G0  |i B07654  |p 0336781  |f BK 
999 f f |i 26a6dc24-347c-5131-9166-387053ac102b  |s 6f261785-0e90-5179-bb7d-9531564222fb 
952 f f |p Can circulate  |a CAVAL  |b CAVAL  |c CAVAL  |d CARM 1 Store  |e B07654  |f A2:AO33G0  |h Other scheme  |i book  |m 0336781